Countries With the Most Featured Jetpunk Quizzes - Statistics

General Stats
  • This quiz has been taken 17 times
  • The average score is 16 of 17
Answer Stats
# of Featured Jetpunk Quizzes Country Main Continent % Correct
30 Australia Oceania
100%
37 China Asia
100%
68 France Europe
100%
20 India Asia
100%
28 Russia Asia / Europe
100%
28 United Kingdom Europe
100%
63 United States North America
100%
35 Canada North America
94%
29 Germany Europe
94%
19 Italy Europe
94%
19 Japan Asia
94%
11 Mexico North America
94%
63 Spain Europe
94%
11 South Africa Africa
88%
9 Türkiye Asia
88%
23 Greece Europe
75%
9 Israel Asia
63%
No matching quizzes found
Score Distribution
Percent of People with Each Score
Percentile by Number Answered
Your Score History
You have not taken this quiz